000 00820nam a2200253 i 4500
003 DO-SdBNP
005 20250107135616.0
007 ta
008 250107b2024 dr ||||| |||| 00| 0 spa d
020 _a9789945189278
040 _aDO-SdBNP
_bspa
_cBNPHU
_erda
082 4 _axxx
_bL579e
_222
100 _aLeón, Patricio,
_eautor
_4aut.
_980614
245 1 3 _aLa expiación /
_cPatricio León ; corrección de estilo, Carmen Rosa Estrada
264 4 _aSanto Domingo :
_bEditor no identificado,
_c©2024.
300 _a184 páginas :
_bilustraciones ;
_c23 cm.
336 _atexto
_btxt
_2rdacontent
337 _asin mediación
_bn
_2rdamedia
338 _avolumen
_bnc
_2rdacarrier
590 _aInventariado, 2025/BT
700 1 _aEstrada, Carmen Rosa,
_ecorrector
_4corr.
_985074
910 _aBtavárez
942 _2ddc
_cLBS1
999 _c57993
_d57993